The last crusade : (Record no. 15496)

000 -LEADER
fixed length control field 01821cam a22003974a 4500
001 - CONTROL NUMBER
control field 14385572
005 - DATE AND TIME OF LATEST TRANSACTION
control field 20170105102919.0
008 - FIXED-LENGTH DATA ELEMENTS--GENERAL INFORMATION
fixed length control field 060522s2007 dcu b 001 0 eng
010 ## - LIBRARY OF CONGRESS CONTROL NUMBER
LC control number 2006016477
015 ## - NATIONAL BIBLIOGRAPHY NUMBER
National bibliography number GBA675225
Source bnb
016 7# - NATIONAL BIBLIOGRAPHIC AGENCY CONTROL NUMBER
Record control number 013542352
Source Uk
020 ## - INTERNATIONAL STANDARD BOOK NUMBER
International Standard Book Number 9781597970624 (alk. paper)
035 ## - SYSTEM CONTROL NUMBER
System control number (OCoLC)ocm69423194
040 ## - CATALOGING SOURCE
Original cataloging agency DLC
Transcribing agency DLC
Modifying agency BAKER
-- UKM
-- C#P
-- YUS
-- IXA
-- YDXCP
-- YDX
-- PUL
-- DLC
042 ## - AUTHENTICATION CODE
Authentication code pcc
050 00 - LIBRARY OF CONGRESS CALL NUMBER
Classification number CB251
Item number .P274 2007
082 00 - DEWEY DECIMAL CLASSIFICATION NUMBER
Classification number 909/.09821
Edition number 22
100 1# - MAIN ENTRY--PERSONAL NAME
Personal name Palmer, Michael A.
245 14 - TITLE STATEMENT
Title The last crusade :
Remainder of title Americanism and the Islamic reformation /
Statement of responsibility, etc. Michael A. Palmer.
250 ## - EDITION STATEMENT
Edition statement 1st ed.
260 ## - PUBLICATION, DISTRIBUTION, ETC.
Place of publication, distribution, etc. Washington, D.C. :
Name of publisher, distributor, etc. Potomac Books,
Date of publication, distribution, etc. c2007.
300 ## - PHYSICAL DESCRIPTION
Extent x, 273 p. ;
Dimensions 24 cm.
504 ## - BIBLIOGRAPHY, ETC. NOTE
Bibliography, etc. note Includes bibliographical references (p. 249-259) and index.
505 0# - FORMATTED CONTENTS NOTE
Formatted contents note 1. "Slay the idolaters wherever you find them" -- 2. "The ruin of civilization" -- 3. The rise of the West -- 4. "God's American Israel" -- 5. "The sick man of Europe" -- 6. War, oil, and Israel -- 7. "The Middle East version of Teddy Roosevelt" -- 8. The American crusade.
650 #0 - SUBJECT ADDED ENTRY--TOPICAL TERM
Topical term or geographic name entry element East and West.
650 #0 - SUBJECT ADDED ENTRY--TOPICAL TERM
Topical term or geographic name entry element Islamic civilization
General subdivision Western influences.
650 #0 - SUBJECT ADDED ENTRY--TOPICAL TERM
Topical term or geographic name entry element Islamic modernism.
650 #0 - SUBJECT ADDED ENTRY--TOPICAL TERM
Topical term or geographic name entry element Civilization, Western
Chronological subdivision 20th century.
650 #0 - SUBJECT ADDED ENTRY--TOPICAL TERM
Topical term or geographic name entry element Civilization, Western
Chronological subdivision 21st century.
651 #0 - SUBJECT ADDED ENTRY--GEOGRAPHIC NAME
Geographic name United States
General subdivision Civilization
Chronological subdivision 20th century
General subdivision Foreign public opinion, Muslim.
651 #0 - SUBJECT ADDED ENTRY--GEOGRAPHIC NAME
Geographic name United States
General subdivision Civilization
Chronological subdivision 21st century
General subdivision Foreign public opinion, Muslim.
856 41 - ELECTRONIC LOCATION AND ACCESS
Materials specified Table of contents only
Uniform Resource Identifier <a href="http://www.loc.gov/catdir/toc/ecip0614/2006016477.html">http://www.loc.gov/catdir/toc/ecip0614/2006016477.html</a>
906 ## - LOCAL DATA ELEMENT F, LDF (RLIN)
a 7
b cbc
c orignew
d 1
e ecip
f 20
g y-gencatlg
942 ## - ADDED ENTRY ELEMENTS (KOHA)
Source of classification or shelving scheme
Koha item type Book
Holdings
Withdrawn status Lost status Damaged status Not for loan Collection code Permanent Location Current Location Shelving location Date acquired Total Checkouts Full call number Barcode Date last seen Price effective from Koha item type
          Centre for International Peace & Stability (CIPS) Centre for International Peace & Stability (CIPS) General Stacks 10/02/2013   909.09821 PAL 2007 CIPS0002138 12/03/2013 12/03/2013 Book
© 2023 Central Library, National University of Sciences and Technology. All Rights Reserved.